00717nam a2200241 a 4500001001300000003000900013005001700022008004100039020002300080082001900103100001900122245005500141260003500196300000900231500003500240505001000275650001900285700001900304902000800323942000700331952012000338999001700458nice12345678IN_TiNIC20260116014432.0050524s2003 dela grp 000 0 eng  a8178245 c69500a320.0954bKAU1 aKaur, Raminder aPerformative Politics and the Cultures of Hinduism aDelhi bPermanent Black c2003 a306p aincludes index and biblioraphy2 aIndex aPolitics-India1 aKaur, Raminder bSRS cBK 001040708StackRoom-aHMIbHMId2007-04-05g695.00l0o320.0954 KAU1p020651r2007-04-05v695.00w2005-05-24yBK c15295d15295